The good-bye book

Bibliographic Details
Main Author: Viorst, Judith
Other Authors: Chorao, Kay (illustrated)
Format: Book
Published: New York : Atheneum , 1988
Subjects:

MARC

LEADER 00000cam a2200000 7i4500
001 0000004765
002 000005137
005 20000330.0
020 |a 068931308X 
090 0 0 |a JF   |b VIO 
100 1 |a Viorst, Judith 
245 1 4 |a The good-bye book   |c Judith Viorst ; illustrated by Kay Chorao 
260 |a New York :   |b Atheneum ,   |c 1988 
300 |a p.v. :   |b ill. ;   |c 24cm. 
650 0 0 |a Children's stories 
700 1 |a Chorao, Kay ,   |e illustrated 
999 |a 037511   |b BUKU   |c PINJAMAN   |e PERPUSTAKAAN KOMUNITI PETALING JAYA